The noble scholar, jurist, historian


 His Excellency Dr. Abdul Wahhab bin Ibrahim Abu Sulaiman, may Allah have mercy on him.


 He was born in Umm Al-Qura in the year 1356 AH.

بحوث في السياسة الشرعية والقضايا المعاصرة / (Record no. 10685)

MARC details
000 -LEADER
fixed length control field 02187cam a22002651i 4500
003 - CONTROL NUMBER IDENTIFIER
control field SA_RiAUC
005 - DATE AND TIME OF LATEST TRANSACTION
control field 20250809042133.0
008 - FIXED-LENGTH DATA ELEMENTS--GENERAL INFORMATION
fixed length control field 250806s2012 ua g 000 0 ara c
040 ## - CATALOGING SOURCE
Original cataloging agency SA-JeALM
Language of cataloging ara
Transcribing agency SA-RiAUC
Modifying agency KAC
Description conventions rda
082 04 - DEWEY DECIMAL CLASSIFICATION NUMBER
Classification number 257.1
Assigning agency SA-RiAUC
090 ## - LOCALLY ASSIGNED LC-TYPE CALL NUMBER (OCLC); LOCAL CALL NUMBER (RLIN)
Classification number (OCLC) (R) ; Classification number, CALL (RLIN) (NR) 257.1
Local cutter number (OCLC) ; Book number/undivided call number, CALL (RLIN) ا ح م
100 1# - MAIN ENTRY--PERSONAL NAME
Personal name أحمد، فؤاد عبد المنعم،
Dates associated with a name 1941-
Relator term مؤلف.
245 10 - TITLE STATEMENT
Title بحوث في السياسة الشرعية والقضايا المعاصرة /
Statement of responsibility, etc. الأستاذ الدكتور فؤاد عبد المنعم أحمد.
264 #1 - PRODUCTION, PUBLICATION, DISTRIBUTION, MANUFACTURE, AND COPYRIGHT NOTICE
Place of production, publication, distribution, manufacture الإسكندرية، مصر :
Name of producer, publisher, distributor, manufacturer دار المطبوعات الجامعية،
Date of production, publication, distribution, manufacture, or copyright notice 2012.
300 ## - PHYSICAL DESCRIPTION
Extent 948 صفحة ؛
Dimensions 24 سم
336 ## - CONTENT TYPE
Content type term نص
Content type code txt
Source rdacontent
Materials specified كتاب
337 ## - MEDIA TYPE
Media type term بدون وسيط
Media type code n
Source rdamedia
338 ## - CARRIER TYPE
Carrier type term مجلد
Carrier type code nc
Source rdacarrier
504 ## - BIBLIOGRAPHY, ETC. NOTE
Bibliography, etc. note ببليوجرافية : صفحة 942-948.
520 ## - SUMMARY, ETC.
Summary, etc. هذه المجموعة من أبحاث في السياسة الشرعية وقضايا معاصرة تتضمن ما يلي : السياسة الشرعية وعلاقتها بالتنمية الاقتصادية وتطبيقاتها المعاصرة، الإرهاب وصوره وتعويض ضحاياه بين الشريعة والقانون، البصمة الوراثية ودورها في الإثبات الجنائي بين الشريعة والقانون، الحسبة في النظام الأساسي للحكم في المملكة العربية السعودية، حقوق المسنين وواجباتهم بين الشريعة الإسلامية والقانون الوضعي، رعاية البيئة بين هدى الإسلام ووثيقة حقوق الإنسان، معاملة السجينات في ضوء الشريعة الإسلامية والنظام السعودي، نقل الأعضاء من الحيوانات للإنسان وموقف الشريعة منها، نقل عبء الإثبات في جرائم غسيل الأموال في الشريعة والقانون.
650 #7 - SUBJECT ADDED ENTRY--TOPICAL TERM
Topical term or geographic name entry element النظام السياسي في الإسلام
General subdivision بحوث
Source of heading or term aucsh
650 #7 - SUBJECT ADDED ENTRY--TOPICAL TERM
Topical term or geographic name entry element الإسلام والسياسة
General subdivision بحوث
Source of heading or term aucsh
942 ## - ADDED ENTRY ELEMENTS (KOHA)
Source of classification or shelving scheme Dewey Decimal Classification
Koha item type Books
Suppress in OPAC No
949 ## - LOCAL PROCESSING INFORMATION (OCLC)
a SA-JeALM
d 250806
u osman123
n 1
Holdings
Withdrawn status Lost status Source of classification or shelving scheme Damaged status Not for loan Home library Current library Date acquired Total checkouts Full call number Barcode Date last seen Price effective from Koha item type
    Dewey Decimal Classification     DR AbdElwahab Library DR AbdElwahab Library 08/09/2025   257.1 ا ح م 000017187 08/09/2025 08/09/2025 Books